| 000 | 01096 a2200241 4500 | ||
|---|---|---|---|
| 003 | Nust | ||
| 005 | 20220819102529.0 | ||
| 020 | _a978-3-540-74246-3 | ||
| 040 | _cNust | ||
| 082 | 0 | 4 | _a621.384,DIE |
| 100 | 1 |
_aDietrich, Frank A. _998206 |
|
| 245 | 1 | 0 |
_aRobust signal processing for wireless communications / _cFrank A. Dietrich |
| 260 |
_aBerlin : _bSpringer, _c2008 |
||
| 300 |
_aXI, 280 S. : _bill. |
||
| 440 | 0 |
_aFoundations in signal processing, communications and networking ; _vVol. 2 _998207 |
|
| 505 | _aIntroduction (Page-1), Channel Estimation and Prediction (Page-11), Estimation of Channel and Noise Covariance Matrices (Page 59), Linear Precoding with Partial Channel State Information (Page 121), Nonlinear Precoding with Partial Channel State Information (Page 181). | ||
| 650 | 7 | _aSignal processing | |
| 650 | 7 |
_aSignalbehandling _997723 |
|
| 650 | 7 |
_aTelecommunication engineering _xMIMO _xܢertragungskanal _xSignalverarbeitung _xRobustheit _xFunkprognose. _998208 |
|
| 650 | 7 |
_aTr倬?ommunikation _995744 |
|
| 650 | 7 |
_aWireless communication systems _9594 |
|
| 942 |
_cREF _2ddc |
||
| 999 |
_c189461 _d189461 |
||